| 000 | 01836nam0a2200337 4500 | ||
|---|---|---|---|
| 001 | RU\NLR\BIBL_A\011736913 | ||
| 005 | 20180725110227.0 | ||
| 010 |
_a978-5-209-08376-4 _9100 |
||
| 021 |
_aRU _bКН-П-18-037660 _9КН-П-18-2718 |
||
| 035 | _a(NLR Aleph) 011736913 | ||
| 035 | _a(RuMoRGB)009642745 | ||
| 090 |
_a11558061 _c11558061 |
||
| 100 | _a20180622d2018 k y0rusy50 ca | ||
| 101 | 0 | _aeng | |
| 102 | _aRU | ||
| 105 | _aa j 000zy | ||
| 200 | 1 |
_aOpen innovation as a driver of innovation activity of companies _emaster program "International business", field 38.04.01 "Economy", specialization "International business" _e[учебно-методическое пособие] _fI.V. Karzanova _gPeoples' friendship university of Russia, Faculty of economiсs, Department of national economy |
|
| 210 |
_aMoscow _cPeoples' friendship university of Russia _d2018 |
||
| 215 |
_a23 с. _cил. _d20 |
||
| 300 | _aВ вып. дан.: Открытые инновации как движущая сила инновационной деятельности компаний / Ирина Викторовна Карзанова | ||
| 320 | _aБиблиогр.: с. 22-23 (13 назв.) | ||
| 517 | 1 | _aОткрытые инновации как движущая сила инновационной деятельности компаний | |
| 606 | 1 |
_aПредприятия _xИнновационная деятельность _jУчебно-методические пособия для высших учебных заведений _2nlr_sh2 _3RU\NLR\AUTH\661304213 |
|
| 686 |
_aУ9(2)29-551.1-18я73-1 _2rubbk |
||
| 686 | 1 | _aУ29(0)я73 | |
| 686 | 1 | _aУ5-55я73 | |
| 700 | 1 |
_aKarzanova _bI.V. _gIrina Viktorovna |
|
| 942 | _cBOOK | ||
| 980 | _aNB | ||